Families, Intergenerationality, and Peer Group Relations

This volume addresses children and young people's relationships both within and beyond the context of the family.  It begins with familial relationships and the home by examining the social and cultural complexities of families, intimacies and interdependencies, including the dynamics of famili...

Πλήρης περιγραφή

Λεπτομέρειες βιβλιογραφικής εγγραφής
Συγγραφή απο Οργανισμό/Αρχή: SpringerLink (Online service)
Άλλοι συγγραφείς: Punch, Samantha (Επιμελητής έκδοσης, http://id.loc.gov/vocabulary/relators/edt), Vanderbeck, Robert M. (Επιμελητής έκδοσης, http://id.loc.gov/vocabulary/relators/edt)
Μορφή: Ηλεκτρονική πηγή Ηλ. βιβλίο
Γλώσσα:English
Έκδοση: Singapore : Springer Singapore : Imprint: Springer, 2018.
Έκδοση:1st ed. 2018.
Σειρά:Geographies of Children and Young People ; 5
Θέματα:
Διαθέσιμο Online:Full Text via HEAL-Link
LEADER 06038nam a2200517 4500
001 978-981-287-026-1
003 DE-He213
005 20200229213257.0
007 cr nn 008mamaa
008 180131s2018 si | s |||| 0|eng d
020 |a 9789812870261  |9 978-981-287-026-1 
024 7 |a 10.1007/978-981-287-026-1  |2 doi 
040 |d GrThAP 
050 4 |a GF1-900 
072 7 |a RGC  |2 bicssc 
072 7 |a SOC015000  |2 bisacsh 
072 7 |a RGC  |2 thema 
082 0 4 |a 304.2  |2 23 
245 1 0 |a Families, Intergenerationality, and Peer Group Relations  |h [electronic resource] /  |c edited by Samantha Punch, Robert M. Vanderbeck. 
250 |a 1st ed. 2018. 
264 1 |a Singapore :  |b Springer Singapore :  |b Imprint: Springer,  |c 2018. 
300 |a 9 illus., 5 illus. in color. eReference.  |b online resource. 
336 |a text  |b txt  |2 rdacontent 
337 |a computer  |b c  |2 rdamedia 
338 |a online resource  |b cr  |2 rdacarrier 
347 |a text file  |b PDF  |2 rda 
490 1 |a Geographies of Children and Young People ;  |v 5 
505 0 |a Families, Intergenerationality, and Peer Group Relations: Introduction -- Sharing Spaces: Children and Young People Negotiating Intimate Relationships and Privacy in the Family Home -- Family Relations in Times of Austerity: Reflections from the UK -- Young Adults Living at Home: Independence, Intimacy, and Intergenerational Relationships in Shared Family Spaces -- Children's Use and Control of Bedroom Space -- Negotiating Sibling Relationships and Birth Order Hierarchies -- Digital Technologies, Children's Learning, and the Affective Dimensions of Family Relationships in the Home -- Everyday Family Food Practices -- Health Risks in the Home: Children and Young People's Accounts -- Children's Contributions in Family Work: Two Cultural Paradigms -- Intergenerational Relationships in Youth Activist Networks -- Intergenerational Communities as Healthy Places for Meaningful Engagement and Interaction -- Conflict, Empowerment, Resistance: Queer Youth and Geographies of Intergenerationality -- Generationing Educational and Caring Spaces for Young Children: Case of Preschool Bathroom -- Intergenerational Education and Learning: We Are in a New Place -- Children's Agency and Welfare Organizations from an Intergenerational Perspective -- Contrasting Theories of Intergenerational Justice: Just Savings or Capabilities -- Children's and Adolescents' Peer Networks and Migrant Integration -- Sexuality and Intimacy: Adolescent Development in the Digital Sphere -- Young People in the Digital Age: Metrics of Friendship -- Cross-Cultural Research on Children's Well-Being and the Generational Approach -- Ambivalence, Autonomy, and Children and Young People's Belonging or not in Home Spaces -- Hybridity, Hyphens, and Intersectionality: Relational Understandings of Children and Young People's Social Identities. 
520 |a This volume addresses children and young people's relationships both within and beyond the context of the family.  It begins with familial relationships and the home by examining the social and cultural complexities of families, intimacies and interdependencies, including the dynamics of families as spatial units (nuclear, multi-generational, alternative) and the roles that children play (as carers etc.). In addition to considering child/parent relations, sibling relationships and birth order, the initial section includes particular dimensions of children's familial relationships in diverse contexts, such as family food practices, aspirations and work practices. The second section explores geographical dimensions of adult/child relationships beyond the dynamics of the family and across the lifecourse. It considers the roles that intergenerationality plays in children's and young people's lives as well as their links with wider communities. The section addresses broader conceptual issues and themes (child-adult relationships outside the home; intergenerational geographies and spaces; and the intergenerational city) while also providing more focused discussions of current issues related to the geographies of intergenerationality including adoption, looked after children and fertility.  The final section addresses children and young people's relationships with one another: friendship, peer group relations, and sexualities.  It explores the geographies and spatialities of affective relations and emotional practices among children and young people. Geographies of bodies and embodiment and their connection to identities is an important part of this section. The chapters range from cross-cultural comparisons of age mixing among children to specific kinds of relationship formations between children and young people (e.g. friendship; sexual relations; gangs; bullying) and the spaces and places (including cyberspace) that facilitate, impede and organise these relationships. The diverse relationships that children and young people form with both one another and with adults have significant geographical dimensions. . 
650 0 |a Human geography. 
650 0 |a Childhood. 
650 0 |a Adolescence. 
650 0 |a Sociology. 
650 1 4 |a Human Geography.  |0 http://scigraph.springernature.com/things/product-market-codes/X26000 
650 2 4 |a Childhood, Adolescence and Society.  |0 http://scigraph.springernature.com/things/product-market-codes/X22090 
650 2 4 |a Sociological Theory.  |0 http://scigraph.springernature.com/things/product-market-codes/X22060 
700 1 |a Punch, Samantha.  |e editor.  |4 edt  |4 http://id.loc.gov/vocabulary/relators/edt 
700 1 |a Vanderbeck, Robert M.  |e editor.  |4 edt  |4 http://id.loc.gov/vocabulary/relators/edt 
710 2 |a SpringerLink (Online service) 
773 0 |t Springer Nature eReference 
776 0 8 |i Printed edition:  |z 9789812870278 
776 0 8 |i Printed edition:  |z 9789812870254 
830 0 |a Geographies of Children and Young People ;  |v 5 
856 4 0 |u https://doi.org/10.1007/978-981-287-026-1  |z Full Text via HEAL-Link 
912 |a ZDB-2-SLS 
950 |a Social Sciences (Springer-41176)